|
|
|
|
| LEADER |
00000nam a22000007a 4500 |
| 005 |
20220825222110.0 |
| 007 |
cr|||| |||| |
| 008 |
220825s2018 co |||||s|||| 00||0 spa d |
| 020 |
|
|
|a 978-958-771-603-0
|
| 035 |
|
|
|a 36979
|
| 040 |
|
|
|a vLex
|
| 090 |
|
|
|c 13841
|d 13841
|
| 100 |
1 |
|
|a Blanco Blanco, Jacqueline
|
| 245 |
1 |
0 |
|a Elaboracin̤ de proyectos de investigacin̤ en derecho
|h [Recurso electrn̤ico] /
|c Jacqueline Blanco Blanco
|
| 256 |
|
|
|a Servicio en ln̕ea
|
| 260 |
|
|
|a Bogot:̀
|b Ecoe Ediciones S.A.S.,
|c 2018
|
| 300 |
|
|
|a 1 recurso electrn̤ico
|
| 500 |
|
|
|a El acercamiento de los futuros profesionales del Derecho a la investigacin̤ es una necesidad que hace parte, incluso, de la misin̤ propuesta por las Universidades que proyectan hacer de sus egresados unos verdaderos agentes de cambio. Se presenta aqu ̕el resultado de un ejercicio metodolg̤ico, eminentemente prc̀tico, que fue aplicado a varias generaciones de abogados colombianos guiados por la autora, en su rol de profesora de metodologa̕ de la investigacin̤. Estudiantes y docentes encontrarǹ una gua̕ de trabajo distribuida en tres momentos: 1) el elemento ter̤ico-conceptual que ubica en contexto, 2) la instruccin̤ ter̤ica llevada a ejemplo y 3) el espacio de interaccin̤ entre el proponente y el libro; todo lo cual facilita a los docentes la orientacin̤ de la ct̀edra de metodologa̕ de la investigacin̤ y ayuda a los estudiantes a elaborar su propia propuesta de investigacin̤ hasta llevarla a feliz třmino. El libro est ̀dirigido a docentes y estudiantes de Derecho, investigadores en proceso de formalizar su propuesta de investigacin̤ e investigadores novel en busca de una orientacin̤ metodolg̤ica.
|
| 506 |
1 |
|
|a Disponible solo en los productos indicados
|d vLex Global
|d vLex Global (Academic Edition, excluding Law Schools)
|d vLex Global (U.S. Academic Edition, Law Schools)
|d vLex Global (U.S. Academic Edition, excluding Law Schools)
|d vLex Global (Academic Edition, Law Schools)
|
| 650 |
0 |
4 |
|a Abogados
|z Colombia
|
| 650 |
0 |
4 |
|a Educacin̤
|z Colombia
|
| 740 |
0 |
|
|a vLex Libros (Servicio en ln̕ea)
|
| 856 |
4 |
0 |
|u https://app.vlex.com/#/sources/36979
|z Acceso restringido
|
| 942 |
|
|
|c BOOK
|
| 999 |
0 |
|
|a Lawyers
|
| 999 |
0 |
|
|a Education
|